000 01781cam a22003733a 4500
001 18753
003 BD-RjUL
005 20211209000329.0
008 140222s19551921xxu 000 0 eng
035 _a(BD-RjUL)18811
040 _aDLC
_cDLC
_beng
041 _aeng
082 _a822.33
_bTWO 1955
245 0 4 _aThe two gentlemen of Verona.
260 _cc1921 [reprinting 1955]
_aCambridge :
_bCabridge university press,
300 _a110 p. ;
_c18 cm.
500 _aBarter Theatre of Virginia, Abingdon, Va., August 31-September 5 [1953].
500 _aTitle devised by Library staff.
500 _aCast: Charles McCawley, Grant Williams, Frank Lowe, Kay Kendall, Nancy Green, Lauren Farr, Frank Deal, June Moncur, Joanne Good, Robert Gallico, David Cross, Sam Greene, Frederick Combs, Tommy Burrows, Sonia Torgeson, Mary Muzekari, Libby Glenn.
520 _aRobert Porterfield presents "The Two Gentlemen of Verona," by William Shakespeare, designed and directed by John Edward Friend, lighting by Albin Aukerlund.
580 _aIn: American theater programs of the late 19th and 20th centuries (Library of Congress).
655 7 _aTheater programs
_zVirginia
_zAbingdon.
_2rbgenr
_957824
655 7 _aTheater programs
_2rbgenr
_957825
700 1 _aPorterfield, Robert,
_d1905-1971.
_957818
700 1 _aFriend, John Edward.
_957819
700 1 _aAukerlund, Albin.
_957820
700 1 _aShakespeare, William,
_d1564-1616.
_tTwo gentlemen of Verona.
_957821
710 2 _aBarter Theatre (Organization : Abingdon, Va.)
_957822
710 2 _aTheater Playbills and Programs Collection (Library of Congress)
_5DLC
_957823
752 _aUnited States
_bVirginia
_dWilliamsburg.
942 _2ddc
_cBK
999 _c18753
_d18753